| 000 | 00000nam##2200000za#4500 |
| 001 | 9.663881 |
| 003 | CaOODSP |
| 005 | 20210615121255 |
| 007 | ta |
| 008 | 150407|2002||||xxc||||| f|0| 0 eng|d |
| 020 | |a0-662-66631-3 |
| 040 | |aCaOODSP|beng |
| 041 | |aeng |
| 041 | |afre |
| 043 | |an-cn--- |
| 086 | 1 |aMR21-34/2002 |
| 110 | 2 |aCanadian Institutes of Health Research. |
| 245 | 10|aIt's time for research on aging : |bstrategic and action plan |
| 260 | |aOttawa - Ontario : |bCanadian Institutes of Health Research |c2002. |
| 300 | |aEnglish text, 30p. : |bcoloured figs., illus. ; |c30 cm. |
| 563 | |aSoftcover |
| 590 | |a02-35|b2002-08-23 |
| 690 | 07|aAging|2gcpds |
| 690 | 07|aHealth|2gcpds |
| 690 | 07|aStrategies|2gcpds |
| 776 | 0#|tC'est l'heure de la recherche sur le vieillissement! : |w(CaOODSP)9.640508 |
| 776 | 0#|tIt's time for research on aging! : |w(CaOODSP)9.696392 |
| 792 | |tC'est l'heure de la recherche sur le vieillissement : |efre|w(CaOODSP)9.663882 |